000 01207nam a22003497a 4500
003 CHAP
005 20220329135007.0
008 971013s1993 r 00010 d
010 _a29190
011 _a30162
035 _a34274
040 _cCHAP
082 _a664
_bS7
100 0 0 _aSánz Cañada, Javier.
_9107982
245 _aIndustria agroalimentaria y desarrollo regional
_b: análisis y toma de decisiones locacionales
260 _aMadrid :
_bMinisterio de Agricultura, Pesca y Alimentación,
_c1993
300 _a417 p.
_b; gráfs ; mapas
490 _aEstudios
_v; 78
590 _aBATCH-UPD
_b10
_c20130109
_lUCH01
_h2328
590 _aBATCH-UPD
_b10
_c20130110
_lUCH01
_h1148
590 _aBATCH-UPD
_b10
_c20130409
_lUCH01
_h1853
590 _aBATCH-UPD
_b10
_c20130410
_lUCH01
_h0733
590 _aBATCH-UPD
_b10
_c20130914
_lUCH01
_h0129
590 _aCONVERSION
_b10
_c20130109
_lUCH01
_h1317
650 1 4 _aAlimentos
_xIndustria.
_94227
650 1 4 _aIndustrias agrícolas
_xEspaña.
_957946
650 1 4 _aPolítica alimentaria
_xEspaña.
_990405
830 0 _aEstudios
_v; 78
_938514
901 _aBK
942 _cLIBRO
949 _a664 S7
_bBC
_cLIBRO
_d33724000133567
_eLIBRO
_h87757
_i34274
_mD.
_si
999 _c29190
_d29190